Modelovanie importu vo vybraných krajinách bakalárska práca

Gespeichert in:
Bibliographische Detailangaben
1. Verfasser: Gregorová, Daša
Körperschaft: Fakulta hospodárskej informatiky EU. Katedra operačného výskumu a ekonometrie
Weitere Verfasser: Chocholatá, Michaela, 1977-
Format: Buch
Sprache:Slowakisch
Veröffentlicht: Bratislava 2012
Tags: Tag hinzufügen
Keine Tags, Fügen Sie das erste Tag hinzu!

MARC

LEADER 00000nbm a2200000 4500
001 0163418
005 20160516141252.8
041 0 |a slo 
044 |a SK 
245 1 0 |a Modelovanie importu vo vybraných krajinách  |b bakalárska práca  |c Daša Gregorová ; školiteľ: Michaela Chocholatá 
264 1 |a Bratislava  |c 2012 
300 |a 48 s. 
100 1 |a Gregorová, Daša 
700 1 |a Chocholatá, Michaela, 1977- 
710 2 |a Fakulta hospodárskej informatiky EU. Katedra operačného výskumu a ekonometrie